Murámonos Federico /
Na minha lista:
| Autor principal: | |
|---|---|
| Formato: | Desconhecido |
| Idioma: | Spanish |
| Publicado em: |
San José, Costa Rica:
Costa Rica,
1984.
|
| Edição: | [3. edición] |
| Assuntos: | |
| Tags: |
Adicionar Tag
Sem tags, seja o primeiro a adicionar uma tag!
|
MARC
| LEADER | 000000000a22000000004500 | ||
|---|---|---|---|
| 001 | 001956 | ||
| 008 | 160412s1984 cr ||||| |||| 00| f spa d | ||
| 020 | |a 9977230943 | ||
| 041 | 0 | |a español | |
| 082 | |a CR863.4 |b G984mu3 | ||
| 100 | 1 | |a Gutiérrez Mangel, Joaquín |d 1918-2001 | |
| 245 | 1 | 0 | |a Murámonos Federico / |c Joaquín Gutiérrez Mangel |
| 250 | |a [3. edición] | ||
| 260 | |a San José, Costa Rica: |b Costa Rica, |c 1984. | ||
| 300 | |a 251 páginas | ||
| 500 | |a número de inscripción 01040 -- Portada y contraportada basadas en un batik de Lil Mena, propiedad de la Colección Corporación Lachner y Sáenz. -- Fotografía de Carlos Salazar Ramírez. -- Obra publicada con la colaboración de Orange Crush de Costa Rica. -- Esta obra ganó los premios: Premio de novela "Editorial Costa Rica" 1973. -- Premio Nacional de novela "Aquileo Echeverría" 1973. -- Edición tomada de ficha de catalogación en publicación | ||
| 650 | 1 | 4 | |a LITERATURA COSTARRICENSE |v NOVELA |
| 942 | |2 ddc |c BK | ||
| 999 | |c 2841 |d 2841 | ||



